000 00376nam a2200145Ia 4500
008 221030s9999 xx 000 0 und d
020 _a0070435634
041 _aEnglish
100 _aB. A. Forouzan
245 0 _aData Communication & Networking
_cby B. A. Forouzan
260 _bMcGraw - Hill Pub.
_aNew Delhi
_c2002
300 _a908
650 _aBB Computer
942 _cBK
999 _c18826
_d18826